Československé zemědělství v mezinárodním srovnání

Gespeichert in:
Bibliographische Detailangaben
Format: Buch
Sprache:Tschechisch
Veröffentlicht: Praha Ústav vědeckotechnických informací pro zemědelství 1989
Ausgabe:1. vyd.
Tags: Tag hinzufügen
Keine Tags, Fügen Sie das erste Tag hinzu!

MARC

LEADER 00000nam a2200000 4500
001 c040678
005 20221215115831.0
041 0 |a cze 
044 |a CZ 
245 1 0 |a Československé zemědělství v mezinárodním srovnání 
250 |a 1. vyd. 
264 1 |a Praha  |b Ústav vědeckotechnických informací pro zemědelství  |c 1989 
300 |a 214 s.